ბათუმის შოთა რუსთაველის სახელმწიფო უნივერსიტეტის ბიბლიოთეკა

ზმნისართის წარმოება და ფუნქციები ქართველურ ენებში / (ბიბ.ჩანაწერი № 53272)

000 -ლიდერი
ფიქსირებული სიგრძის საკონტროლო ველი 01745nam a2200301Ia 4500
001 - საკონტროლო ნომერი
საკონტროლო ველი 20313
003 - საკონტროლო ნომრის იდენტიფიკატორი
საკონტროლო ველი GE_BSU
005 - ბოლო ოპერაციის თარიღი და დრო
საკონტროლო ველი 20200906221258.0
008 - ფიქსირებული სიგრძის მონაცემთა ელემენტები - ზოგადი ინფორმაცია
ფიქსირებული სიგრძის საკონტროლო ველი 181216s1993||||ge |||||||||||||| ||geo||
020 ## - წიგნის საერთაშორისო სტანდარტული ნომერი
International Standard Book Number 5-520-01502-3
040 ## - კატალოგიზაციის წყარო
Transcribing agency GE_BSU
041 ## - ენის კოდი
Language code of text/sound track or separate title geo
080 ## - უნივერსალური ათობითი კლასიფიკაციის ინდექსი
Universal Decimal Classification number 811.353.1 გ-13
100 ## - მთავარი ჩანაწერი - პიროვნების სახელი
Personal name გაბუნია, კახა
9 (RLIN) 4175
245 ## - ცნობა სათაურის შესახებ
Title ზმნისართის წარმოება და ფუნქციები ქართველურ ენებში /
Statement of responsibility, etc კახა გაბუნია ; რედ. ბესარიონ ჯორბენაძე
264 ## - წარმოების, გამოცემის, დისტრიბუციის და სხვა ცნობები
გამოცემის, წარმოების, დისტრიბუციის... ადგილი თბილისი :
გამოცემის, წარმოების, დისტრიბუციის... სახელწოდება მეცნიერება,
გამოცემის, წარმოების, დისტრიბუციის... თარიღი 1993.
300 ## - ფიზიკური აღწერა
Extent 176 გვ. ;
Dimensions 20 სმ.
500 ## - ზოგადი შენიშვნა
General note მონოგრაფიაში განხილულია ზმნისართის აგებულებისა და სინტაქსური ფუნქციების საკითხები
504 ## - BIBLIOGRAPHY, ETC. NOTE
Bibliography, etc ბიბლიოგრაფია გვ. 168
520 ## - SUMMARY, ETC.
Summary, etc რეზიუმე რუსულ ენაზე
653 ## - INDEX TERM--UNCONTROLLED
Uncontrolled term ზმნისართის წარმოება და ფუნქციები ქართველურ ენებში
653 ## - INDEX TERM--UNCONTROLLED
Uncontrolled term ქართული ენა
700 ## - ADDED ENTRY--PERSONAL NAME
Personal name ჯორბენაძე, ბესარიონ
Relator term რედაქტორი
9 (RLIN) 1214
710 ## - ADDED ENTRY--CORPORATE NAME
Corporate name or jurisdiction name as entry element საქართველოს მეცნიერებათა აკადემია
9 (RLIN) 9407
711 ## - ADDED ENTRY--MEETING NAME
Meeting name or jurisdiction name as entry element არნ. ჩიქობავას სახელობის ენათმეცნიერების ინსტიტუტი
9 (RLIN) 9408
942 ## - ADDED ENTRY ELEMENTS (KOHA)
Koha item type წიგნი
Source of classification or shelving scheme
ეგზემპლარები
ჩამოწერის სტატუსი დაკარგული ეგზემპლარის სტატუსი კლასიფიკაციის წყარო ან თაროზე გაწყობის სქემა დაზიანების სტატუსი არ გაიცემა მუდმივი მდებარეობა (დაცვის ადგილი) ამჟამინდელი ადგილსამყოფელი თაროზე განთავსების ადგილი შეძენის თარიღი ღირებულება, შესყიდვის ნორმალური ფასი სრული შენახვის შიფრი შტრიხკოდი ბოლო ოპერაციის თარიღი ეგზემპლარის მიმდევრობითი ნომერი (კეტერი?) ფასის ძალაში შესვლის თარიღი ეგზემპლარის სახეობა საჯარო შენიშვნა
          ბათუმის შოთა რუსთაველის სახელმწიფო უნივერსიტეტის მთავარი ბიბლიოთეკა ბათუმის შოთა რუსთაველის სახელმწიფო უნივერსიტეტის მთავარი ბიბლიოთეკა წიგნსაცავი 2018-12-17 4.00 811.353.1 გ-13 53076 2018-12-17 53076 2018-12-17 წიგნი 4.00 ლ.